00482nam a2200157 i 450000100060000000300090000600500170001500700030003200800410003510000350007624500790011126000530019030000320024360000280027585200210030321709ES-MaACL20230906152529.0t|021127s1974 sp ||||1| spa d1 aAlburquerque Pérez, Antonio.10aOrellana al marjen [sic] de la corriente / cAntonio Alburquerque Pérez. aMadrid : bAntonio Alburquerque Pérez, c1974. a131 fol. : bil. ; c29 cm.14aOrellana, Francisco de.4 aES-MaACLjE-9076